000 00350nam a2200145Ia 4500
008 090124s9999 xx 000 0 und d
082 _b203640
245 _a रहीम
250 _a1
260 _bस्नातक विजयेंद्र
_c1990
300 _a74
630 _a रहीम
730 _a रहीम
942 _cBOOK
999 _c185221
_d185221